000 00290nam a22001337a 4500
008 180904b xxu||||| |||| 00| 0 eng d
020 _a9781849943734
041 _aeng
080 _a701
100 _a45
101 _aART
245 _aTropical Wonderland
_cMorattas,M
942 _2udc
_cBK
999 _c47508
_d47508